000 00294nam a22001337a 4500
008 170322b xxu||||| |||| 00| 0 eng d
020 _a0387067728
041 _aeng
080 _22ND
_a616.9
100 _a7
101 _aSHM
245 _aCHEMISTRY OF VIRUSES
_cKNIGHT, C.A
942 _2udc
_cBK
999 _c8418
_d8418